Idioms (Registro nro. 8683)
[ vista simple ]
| 000 -Cabecera | |
|---|---|
| Campo de control de longitud fija | 00353aam a2200157 4500 |
| 005 - Fecha y hora de la última transacción | |
| Campo de control | 20250207185231.0 |
| 008 - Elementos de longitud fija--Información general | |
| Campo de control de longitud fija | 150624b2001 xxu||||| |||| 00| 0 spa d |
| 041 ## - Idioma | |
| Código de idioma | Inglés |
| 082 ## - Clasificación Decimal Dewey | |
| Número de clasificación | R 423 O98o |
| 245 ## - Título propiamente dicho | |
| Título | Idioms |
| 260 ## - Pie de imprenta | |
| Lugar de publicación, distribución, etc. | Inglaterra |
| Nombre del editor, distribuidor, etc. | Oxford |
| Fecha de publicación, distribución, etc. | 2001 |
| 300 ## - Descripción física | |
| Extensión | 469 páginas |
| 650 ## - Materia general | |
| Temática (materia general) | DICCIONARIO |
| 650 ## - Materia general | |
| Temática (materia general) | INGLÉS |
| 942 ## - Punto de acceso adicional KOHA | |
| Tipo de ítem KOHA | Referencia |
| Fuente del sistema de clasificación o colocación | Dewey Decimal Classification |
| Signatura completa | Código de barras | Tipo de ítem |
|---|---|---|
| R 423 O98o | 13184 | Referencia |
| R 423 O98o | 13185 | Referencia |